000
00248nam a2200097Ia 4500
001
1250669
005
20251031150900.0
008
251031s9999 xx 000 0 und d
245
0
_c
SABAHATTİN ALİ
_a
D-5 DEĞİRMEN
260
_b
YAPI KREDİ YAYINLARI
999
_c
1250669
_d
1250669